000 00506nam a22001932 4500
001 0000014473
003 OSt
005 20140825164544.0
008 081105s1967 xx 000 0 eng d
040 _aPUL
_cPUL
050 _aBX8333.M95
_bW5 1967
100 1 _aMyers, T. Cecil.
245 1 0 _aWhen crisis comes /
_c[by] T. Cecil Myers.
260 _aNashville :
_bAbingdon Press,
_c[1967]
300 _a176 p. ;
_c20 cm.
650 0 _aMethodist Church
_xSermons.
908 _a081105
942 _2lcc
_cBK
999 _c13876
_d13876